000 00546nam a22001937a 4500
005 20260409170853.0
008 260409b |||||||| |||| 00| 0 eng d
020 _a9789810223298
_qhb
020 _a9810223293
_qhb
082 _a518.282
_bDIM
100 _aDimov, Ivan T.
245 _aMonte Carlo methods for applied scientists
260 _aSingapore
_bWorld Scientific Publishing
_c2008
300 _axv, 291p. ; 23cm.
653 _aMathematics Numerical Analysis
653 _aMonte Carlo method
653 _aMA306
942 _2ddc
_cBK
999 _c53141
_d53141